Spieler mit den meisten Champions League Titeln - Statistiken

Allgemein
  • Dieses Quiz wurde 313 mal gespielt
  • Das Durchschnittsergebnis liegt bei 13 aus 21
Antwortstatistiken
Titel Vereine Spieler % Korrekt
5 Man Utd, Real Cristiano Ronaldo
99%
6 Bayern, Real Toni Kroos
97%
4 Barcelona Lionel Messi
93%
6 Real Madrid Luka Modric
88%
5 Real Madrid Karim Benzema
83%
4 Real Madrid Sergio Ramos
80%
6 Real Madrid Dani Carvajal
74%
5 Real Madrid Gareth Bale
72%
4 Barcelona Andrés Iniesta
66%
4 Barcelona Xavi
66%
5 Real Madrid Casemiro
65%
5 Real Madrid Marcelo
65%
4 Man Utd, Barcelona Gerard Piqué
57%
4 Real Madrid Iker Casillas
57%
6 Real Madrid Nacho
54%
4 Real Madrid Raphaël Varane
44%
5 Ajax, Real, Milan Clarence Seedorf
42%
5 Real Madrid Isco
36%
4 Real, Barcelona, Inter Samuel Eto'o
36%
5 Real Madrid Lucas Vázquez
31%
4 Real, Chelsea Mateo Kovacic
17%
Keine übereinstimmenden Quizze gefunden
Verteilung der Resultate
Anzahl Personen mit jedem Resultat
Perzentil nach korrekt beantworteten Fragen
Ihre Resultats-Entwicklung
Sie haben dieses Quiz noch nicht gespielt